000
00274nam a22001217a 4500
008
170904b xxu||||| |||| 00| 0 eng d
041
_a
eng
080
_a
070
100
_a
40
101
_a
ME3D
245
_a
THEORIES OF MASS COMMUNICATION
_c
MELVIN.L
942
_2
udc
_c
BK
999
_c
26072
_d
26072